000 00687nam a2200181Ia 4500
008 220216s9999 xx 000 0 und d
100 _aThomas K U
245 0 _aStrategies for labour management and productivity enhancement in Indian NR industry
260 _bInternational Workshop on Latex Harvesting Technology: Sustainable Rubber Production through Good Application Practices of Latex Harvesting Technology, 18-22 November 2013, IRRDB-IRV, Binh Duong, Vietnam.
650 _aIndia
650 _aLabour management
650 _aNR industry
650 _aProductivity enhancement
700 _aKarunaichamy K
700 _aRajagopal R
700 _aSreelatha S
942 _cBS
999 _c49788
_d49788